[Event "Druzynowe Mistrzostwa Polski - II Liga 2023"]
[Site "Jastrzebia Gora"]
[Date "1899-12-30"]
[Round "4.128"]
[White "Wilk, Igor"]
[Black "Kielbratowski, Aleksander"]
[Result "1-0"]
[WhiteTitle "I++"]
[BlackTitle "I+"]
[WhiteElo "2166"]
[BlackElo "1969"]

1. e4 e5 2. Nf3 f5 3. Nxe5 Qf6 4. d4 d6 5. Nc4 fxe4 6. Nc3 Qf7 7. Be2 Nf6 8. Bg5
Bf5 9. Ne3 Bg6 10. Bc4 Qd7 11. Bxf6 gxf6 12. Bd5 c6 13. Bxe4 d5 14. Bxg6+ hxg6
15. Qf3 Qd6 16. O-O-O Nd7 17. Rhe1 O-O-O 18. h3 f5 19. Nf1 Bh6+ 20. Kb1 Rde8 21.
Re2 Rxe2 22. Qxe2 Nf6 23. Re1 Re8 24. Qd1 Rxe1 25. Qxe1 Ne4 26. Ne2 Qf6 27. f3
Nd6 28. Qg3 Kd7 29. c3 g5 30. Nc1 Bg7 31. Nd3 Qg6 32. Nc5+ Kc7 33. Qe1 f4+ 34.
Kc1 Kb6 35. Qe7 a6 36. Ne6 Nc4 37. Qc5# 1-0

[Event "Druzynowe Mistrzostwa Polski - II Liga 2023"]
[Site "Jastrzebia Gora"]
[Date "1899-12-30"]
[Round "4.129"]
[White "Kielek, Andrzej"]
[Black "Bielczyk, Jacek"]
[Result "0-1"]
[WhiteTitle "I++"]
[BlackTitle "IM"]
[WhiteElo "1897"]
[BlackElo "2238"]

1. b4 e5 2. Bb2 Bxb4 3. Bxe5 Nf6 4. e3 O-O 5. Be2 d5 6. Nf3 c5 7. O-O Nc6 8. Bb2
Re8 9. d3 Ba5 10. Nbd2 d4 11. e4 h6 12. Nb3 Bb6 13. Bc1 c4 14. dxc4 Nxe4 15. Bd3
Bg4 16. h3 Nc3 17. Qd2 Bxf3 18. gxf3 Ne5 19. Kg2 Bc7 20. Be4 Nxc4 21. Qxd4 Qxd4
22. Nxd4 Nxe4 23. fxe4 Rxe4 24. Nf5 Rd8 25. Kf3 Re6 26. Ne3 Rf6+ 27. Ke2 Rc6 28.
Rd1 Re8 29. Kf3 Bb6 30. Nd5 Ne5+ 31. Kg2 Rxc2 32. Nxb6 axb6 33. Bf4 Nc4 34. Bg3
Ne3+ 35. Kf3 Nxd1 36. Rxd1 Rxa2 37. Rb1 Re6 38. Rb3 g5 39. Rb5 Kh7 40. Rd5 Kg6
41. h4 f5 42. hxg5 hxg5 43. Bc7 Rc2 44. Bd8 Rcc6 45. Rb5 Rc5 46. Rb3 b5 47. Ba5
Ree5 48. Bb6 Rc4 49. Rd3 Re6 50. Ba7 b4 51. Rb3 Rc3+ 0-1

[Event "Druzynowe Mistrzostwa Polski - II Liga 2023"]
[Site "Jastrzebia Gora"]
[Date "1899-12-30"]
[Round "4.130"]
[White "Sadzikowski, Marian"]
[Black "Kielbratowski, Maciej"]
[Result "1-0"]
[WhiteTitle "I+"]
[BlackTitle "II+"]
[WhiteElo "1706"]
[BlackElo "1687"]

1. e4 e5 2. f4 Qh4+ 3. g3 Qe7 4. d3 d5 5. Bg2 exf4 6. Bxf4 f5 7. Nc3 c6 8. Qe2
d4 9. Nd1 Nf6 10. e5 Nd5 11. Bxd5 cxd5 12. Nf3 Nc6 13. O-O h6 14. c3 g5 15. Bd2
dxc3 16. Bxc3 Be6 17. d4 O-O-O 18. Rc1 f4 19. b4 a6 20. a4 g4 21. Nh4 f3 22. Qd3
Qg5 23. Nf2 Ne7 24. Bd2+ Kb8 25. Bxg5 hxg5 26. Ng6 Bf5 27. Qc3 Rc8 28. Nxh8 Rxc3
29. Rxc3 Nc6 30. Re3 Nxd4 31. Rd1 Nc2 32. Rc3 Nxb4 33. Nf7 Be7 34. Nd6 Bc2 35.
Rc8+ Ka7 36. Rc1 Bxa4 37. R8c7 Bxd6 38. exd6 Nc6 39. R1xc6 Bxc6 40. Rxc6 bxc6
41. d7 1-0

[Event "Druzynowe Mistrzostwa Polski - II Liga 2023"]
[Site "Jastrzebia Gora"]
[Date "1899-12-30"]
[Round "4.131"]
[White "Kolodziejski, Grzegorz"]
[Black "Skorupka, Arkadiusz"]
[Result "1/2-1/2"]
[WhiteTitle "II"]
[BlackTitle "II"]
[WhiteElo "1552"]
[BlackElo "1472"]

1. e4 c5 2. Nf3 Nc6 3. d4 cxd4 4. Nxd4 Nf6 5. Nc3 e6 6. Ndb5 Bb4 7. Nd6+ Kf8 8.
a3 Bxd6 9. Qxd6+ Qe7 10. Qg3 d5 11. Bg5 d4 12. Nb5 e5 13. a4 Qb4+ 14. Bd2 Qxb2
15. Rd1 Nxe4 16. Qh4 Nxd2 17. Rxd2 Bf5 18. Be2 Qa1+ 19. Bd1 Qxa4 20. Nd6 Be6 21.
O-O Qb4 22. Ne4 a5 23. Bh5 a4 24. f4 Bc4 25. Rff2 a3 26. fxe5 a2 27. Rxf7+ Bxf7
28. Qf4 a1=Q+ 29. Kf2 Qf1+ 30. Kxf1 Ra1+ 31. Kf2 Nxe5 32. Qxe5 Bxh5 33. Qxh5 Ra5
34. Qg4 Qe7 35. Qc8+ Qe8 36. Qxb7 Rb5 37. Qa6 Rf5+ 38. Kg1 Qxe4 39. Re2 Qd5 40.
Qc8+ Kf7 41. Qxh8 d3 42. Qe8+ Kf6 43. Qe7+ Kg6 44. cxd3 Qxd3 45. Re6+ Kh5 46.
Re1 Qd4+ 47. Kh1 Qf6 48. Qe2+ Kh6 49. h3 Rf2 50. Qe3+ Qf4 51. Qb6+ g6 52. Qb5
Qg3 53. Rg1 Qg5 54. Qd3 Qf5 55. Qe3+ Qf4 56. Qe7 Qg3 57. Qe1 Kh5 58. Qa1 Kh6 59.
Qa8 Qf4 1/2-1/2

[Event "Druzynowe Mistrzostwa Polski - II Liga 2023"]
[Site "Jastrzebia Gora"]
[Date "1899-12-30"]
[Round "4.132"]
[White "Salamon, Julia"]
[Black "Dziopa, Malgorzata"]
[Result "1-0"]
[WhiteTitle "I++"]
[BlackTitle "I++"]
[WhiteElo "1814"]
[BlackElo "1727"]

1. d4 d5 2. c4 e6 3. Nc3 Nf6 4. Bg5 Be7 5. Nf3 h6 6. Bh4 O-O 7. e3 Nbd7 8. Bd3
c5 9. O-O b6 10. Qe2 Bb7 11. Rfd1 Ne4 12. Bxe7 Qxe7 13. cxd5 Nxc3 14. bxc3 exd5
15. c4 cxd4 16. Nxd4 Nc5 17. Nf5 Qf6 18. cxd5 Bxd5 19. Bc2 Be4 20. Bxe4 Nxe4 21.
Qg4 Nc5 22. Rac1 Rfd8 23. Nd4 Rd5 24. Qf3 Qxf3 25. Nxf3 Rad8 26. Rxd5 Rxd5 27.
Nd4 a6 28. Kf1 Kf8 29. Ke2 Ke7 30. g4 g6 31. f3 Ne6 32. Nc6+ Kd6 33. Nb4 Rb5 34.
Rd1+ Kc7 35. Nd3 f6 36. Rc1+ Kd7 37. Rc2 h5 38. h3 f5 39. gxh5 gxh5 40. f4 h4
41. Ne5+ Kd6 42. Nf3 Rb1 43. Nxh4 Ng7 44. Nf3 Rh1 45. h4 b5 46. Kd3 Ne6 47. Rh2
Rd1+ 48. Kc2 Rf1 49. Ne5 Rg1 50. h5 Rg8 51. h6 Rh8 52. Nf7+ 1-0

[Event "Druzynowe Mistrzostwa Polski - II Liga 2023"]
[Site "Jastrzebia Gora"]
[Date "1899-12-30"]
[Round "5.1"]
[White "Grela, Kacper"]
[Black "Koziorowicz, Michal"]
[Result "1/2-1/2"]
[WhiteTitle "FM"]
[BlackTitle "FM"]
[WhiteElo "2355"]
[BlackElo "2321"]

1. d4 e6 2. c4 f5 3. g3 Nf6 4. Bg2 Be7 5. Nc3 d6 6. Nf3 O-O 7. O-O Ne4 8. Qc2 Nxc3
9. Qxc3 a5 10. d5 e5 11. e4 Na6 12. Qxa5 fxe4 13. Nd2 Bf5 14. Qc3 e3 15. fxe3
Qd7 16. Nb3 Bh3 17. Bd2 Bxg2 18. Kxg2 Qg4 19. Qd3 e4 20. h3 Qxg3+ 21. Kxg3 exd3
22. Bc3 Bg5 23. Rxf8+ Rxf8 24. Rd1 Bxe3 25. Rxd3 Bf4+ 26. Kg2 g5 1/2-1/2

[Event "Druzynowe Mistrzostwa Polski - II Liga 2023"]
[Site "Jastrzebia Gora"]
[Date "1899-12-30"]
[Round "5.2"]
[White "Marczuk, Dominik"]
[Black "Kolodziejski, Piotr"]
[Result "1-0"]
[WhiteTitle "FM"]
[BlackTitle "k"]
[WhiteElo "2253"]
[BlackElo "2276"]

1. c4 Nf6 2. g3 e5 3. Bg2 c6 4. d4 d6 5. Nc3 Be7 6. e4 exd4 7. Qxd4 Qb6 8. Nge2
Ng4 9. Qxb6 axb6 10. f4 Na6 11. h3 Nf6 12. Be3 Nd7 13. O-O-O Kd8 14. Bd4 Rg8 15.
h4 Kc7 16. g4 Ndc5 17. Bf3 Ne6 18. Be3 Nac5 19. b3 Re8 20. Rd2 Nf8 21. h5 Nfe6
22. Kb1 Rh8 23. Ng3 Bf6 24. Nce2 Nf8 25. g5 Be7 26. Nd4 g6 27. f5 Ncd7 28. hxg6
fxg6 29. fxg6 Nxg6 30. Rdh2 Ndf8 31. Ndf5 Bd8 32. Rd2 Ne6 33. Rxd6 Bxg5 34. Rxe6
Bxe3 35. Rxg6 hxg6 36. Rxh8 gxf5 37. Nxf5 Bf4 38. Ne7 Bd6 39. Rh7 Bxe7 40. Rxe7+
Kd8 41. Rg7 Ra5 42. Kb2 Bd7 43. a3 Ke8 44. b4 Re5 45. Kc3 c5 46. b5 Kd8 47. Kd3
Re8 48. Ke3 Kc8 49. Bh5 Rh8 50. Bf7 Rh3+ 51. Kf4 Rxa3 52. Ke5 Rh3 53. Kd6 Rh6+
54. Rg6 Rh8 55. Rg8+ Rxg8 56. Bxg8 Kd8 57. Bf7 1-0

[Event "Druzynowe Mistrzostwa Polski - II Liga 2023"]
[Site "Jastrzebia Gora"]
[Date "1899-12-30"]
[Round "5.3"]
[White "Kejna, Piotr"]
[Black "Chmiel, Marcin"]
[Result "1-0"]
[WhiteTitle "CM"]
[BlackTitle "k+"]
[WhiteElo "2267"]
[BlackElo "2184"]

1. e4 e5 2. Nf3 Nc6 3. Bb5 Nf6 4. d3 Bc5 5. Bxc6 dxc6 6. Nbd2 Qe7 7. O-O Bd6 8.
b3 Be6 9. d4 Nd7 10. Bb2 f6 11. c4 c5 12. d5 Bg4 13. Re1 O-O-O 14. Re3 Nf8 15.
b4 cxb4 16. a3 b3 17. Nxb3 Nd7 18. Qc2 Nc5 19. Ne1 f5 20. exf5 Nxb3 21. Qxb3 e4
22. Bd4 Bxf5 23. Rb1 b6 24. a4 Bf4 25. a5 Bxe3 26. Bxe3 Qe5 27. Qb5 Rhf8 28. Nc2
Rf6 29. axb6 Rxb6 30. Bxb6 cxb6 31. Qa6+ Kd7 32. Qxa7+ Qc7 33. Qxb6 e3 34. Qxe3
Qxc4 35. Rb7+ Kc8 36. Qa7 Qf4 37. Qa8+ 1-0

[Event "Druzynowe Mistrzostwa Polski - II Liga 2023"]
[Site "Jastrzebia Gora"]
[Date "1899-12-30"]
[Round "5.4"]
[White "Dylag, Emilia"]
[Black "Komendecki, Antoni"]
[Result "1-0"]
[WhiteTitle "WFM"]
[BlackTitle "I++"]
[WhiteElo "2169"]
[BlackElo "1951"]

1. d4 Nf6 2. c4 e6 3. g3 d5 4. Bg2 Bb4+ 5. Nd2 O-O 6. Ngf3 dxc4 7. Qc2 a5 8. O-O
b5 9. b3 cxb3 10. Nxb3 Bb7 11. Bf4 Bd6 12. Nc5 Bd5 13. e4 Bc4 14. e5 Bxf1 15.
Rxf1 Nd5 16. Ng5 g6 17. exd6 c6 18. Qd2 Re8 19. Bh3 Nd7 20. Re1 Nxf4 21. Qxf4
Rf8 22. Nxf7 e5 23. Nxd8 exf4 24. Be6+ Kg7 25. Bxd7 Rfxd8 26. Bxc6 1-0

[Event "Druzynowe Mistrzostwa Polski - II Liga 2023"]
[Site "Jastrzebia Gora"]
[Date "1899-12-30"]
[Round "5.5"]
[White "Madera, Mateusz"]
[Black "Owoc, Jakub"]
[Result "1/2-1/2"]
[WhiteTitle "I+"]
[BlackTitle "I+"]
[WhiteElo "1880"]
[BlackElo "1915"]

1. e4 e6 2. d4 d5 3. exd5 exd5 4. Bd3 Bd6 5. Nf3 Nf6 6. O-O O-O 7. Bg5 h6 8. Bh4
Be6 9. Nbd2 Nbd7 10. Re1 c6 11. c3 Qc7 12. Bg3 Bg4 13. Qc2 Rfe8 14. Nh4 Nh5 15.
Bh7+ Kh8 16. Bf5 Bxg3 17. hxg3 Ndf6 18. Bxg4 Nxg4 19. Qf5 Nhf6 20. Nhf3 Qd7 21.
Qxd7 Nxd7 22. Kf1 a5 23. a4 g5 24. Rxe8+ Rxe8 25. Re1 Re6 26. Rxe6 fxe6 27. Ke2
Kg7 28. Nf1 Kf6 29. Ne3 Nxe3 30. Kxe3 c5 31. Kd3 g4 32. Nd2 e5 33. dxe5+ Kxe5
34. b3 Nf6 35. f3 h5 36. Nf1 d4 37. Nd2 dxc3 38. Nc4+ Kd5 39. Kxc3 Nh7 40. fxg4
hxg4 41. Ne3+ Kc6 42. Nxg4 b5 43. axb5+ Kxb5 44. Ne5 Ng5 45. g4 Ne4+ 46. Kc2 Kb4
47. Kb2 a4 48. Nd3+ Kb5 49. bxa4+ Kxa4 50. Nxc5+ Nxc5 51. Kc3 Kb5 52. Kd4 Kc6
53. Ke5 Kd7 54. Kf6 Ke8 55. Kg7 Ne4 56. Kg6 Kf8 57. g5 Kg8 58. g4 Nd6 59. Kf6
Ne4+ 60. Kf5 Nd6+ 61. Ke6 Nc4 62. g6 Kg7 63. Kf5 Nd6+ 64. Kg5 Ne4+ 65. Kf5 Nd6+
66. Kg5 Ne4+ 67. Kf4 Nf6 68. g5 Kxg6 69. gxf6 Kxf6 1/2-1/2

[Event "Druzynowe Mistrzostwa Polski - II Liga 2023"]
[Site "Jastrzebia Gora"]
[Date "1899-12-30"]
[Round "5.6"]
[White "Jedrocha, Katarzyna"]
[Black "Budkiewicz, Magdalena"]
[Result "1/2-1/2"]
[WhiteTitle "k"]
[BlackTitle "k+"]
[WhiteElo "1976"]
[BlackElo "1762"]

1. d4 e6 2. Nf3 d5 3. g3 Nf6 4. Bg2 c5 5. O-O Nc6 6. b3 Bd6 7. Bb2 O-O 8. Nbd2
cxd4 9. Nxd4 Nxd4 10. Bxd4 e5 11. Bb2 Re8 12. e3 Bd7 13. c4 Bc6 14. cxd5 Nxd5
15. Nc4 Bc7 16. a4 Qd7 17. Qh5 Nf6 18. Bxc6 Qxc6 19. Qh4 Rad8 20. Rfd1 Rxd1+ 21.
Rxd1 Qf3 22. Rf1 h6 23. Qh3 e4 24. Bxf6 Qxf6 25. Qd7 Qe7 26. Rd1 Kf8 27. Qb5 Rd8
28. Rxd8+ Qxd8 29. Qc5+ Kg8 30. Nb2 a6 31. Kg2 Qd6 32. Qf5 Qc6 33. Nc4 g6 34.
Qc8+ Kg7 35. a5 Qf6 36. Qd7 Bd8 37. h4 h5 38. Nd2 Bxa5 39. Nxe4 Qb6 40. Kh2 Qxb3
41. Qd4+ Kh7 42. Nf6+ Kh6 43. Ng8+ Kh7 44. Nf6+ Kh6 45. Qc5 Bb4 46. Qc8 Kg7 47.
Ne8+ Kh7 48. Nf6+ 1/2-1/2

[Event "Druzynowe Mistrzostwa Polski - II Liga 2023"]
[Site "Jastrzebia Gora"]
[Date "1899-12-30"]
[Round "5.7"]
[White "Klepek, Witold"]
[Black "Maciejczak, Jakub"]
[Result "0-1"]
[WhiteTitle "k++"]
[BlackTitle "FM"]
[WhiteElo "2299"]
[BlackElo "2360"]

1. e4 c6 2. Nf3 d5 3. Nc3 Bg4 4. h3 Bxf3 5. Qxf3 e6 6. Be2 Nd7 7. d4 dxe4 8. Nxe4
Ngf6 9. O-O Be7 10. a4 a5 11. Rd1 O-O 12. Bf4 Nxe4 13. Qxe4 Nf6 14. Qd3 Bd6 15.
Bg5 h6 16. Bh4 Be7 17. Bf3 Nd5 18. Bg3 Bd6 19. Be5 Qc7 20. Qe2 Rfd8 21. g3 Rd7
22. c4 Nb4 23. c5 Bxe5 24. dxe5 Rxd1+ 25. Rxd1 Nd5 26. Be4 Kf8 27. Bd3 Qe7 28.
Qe4 g6 29. Rc1 Rd8 30. h4 Nb4 31. Be2 Kg7 32. Qe3 h5 33. Kg2 Rd5 34. b3 Rd7 35.
Rc4 Qd8 36. g4 Nd5 37. Qg3 hxg4 38. h5 Ne7 39. Bxg4 Rd4 40. hxg6 Nxg6 41. Qe3
Qd5+ 42. Kg1 Rxg4+ 0-1

[Event "Druzynowe Mistrzostwa Polski - II Liga 2023"]
[Site "Jastrzebia Gora"]
[Date "1899-12-30"]
[Round "5.8"]
[White "Malovanyi, Yulian"]
[Black "Musial, Tomasz"]
[Result "1/2-1/2"]
[WhiteTitle "FM"]
[BlackTitle "CM"]
[WhiteElo "2325"]
[BlackElo "2184"]

1. e4 e6 2. d4 d5 3. exd5 exd5 4. Nf3 Nc6 5. Bd3 Bd6 6. O-O Nge7 7. c3 Bf5 8. Re1
Qd7 9. Bf1 O-O-O 10. b4 Ng6 11. b5 Nce7 12. Nbd2 Kb8 13. Ne5 Bxe5 14. dxe5 d4
15. c4 c5 16. Nb3 Qc7 17. Qf3 Bc8 18. Bd3 Rdf8 19. Bg5 h6 20. Bxe7 Nxe7 21. a4
b6 22. a5 Bb7 23. Be4 Bxe4 24. Qxe4 Qb7 25. Qf4 g5 26. Qf6 Nc8 27. Nc1 Re8 28.
Nd3 Rh7 29. Ra2 Re6 30. a6 Qe7 31. Qf5 Rh8 32. Rae2 Rg8 33. Qe4 Qd7 34. f4 Ree8
35. f5 Qc7 36. e6 f6 37. Nf2 h5 38. Qd3 Nd6 39. Ne4 Nxe4 40. Qxe4 Re7 41. Rd2
Qd6 42. Rd3 Rh8 43. Rh3 Rhh7 44. Qe2 g4 45. Rg3 Rhg7 46. Qe4 Rg8 47. Kf2 Qc7 48.
Ke2 Reg7 49. Kd1 Re7 50. Rf1 Rf8 51. Kd2 Qe5 52. Rf4 Qxe4 53. Rxe4 Rg8 54. h3
Reg7 55. hxg4 hxg4 56. e7 Re8 57. Rgxg4 Rxg4 58. Rxg4 Rxe7 59. Rg8+ Kc7 60. Rf8
Rg7 61. Rxf6 Rxg2+ 62. Kd3 Rg3+ 63. Kd2 Rg2+ 64. Kd1 Rg1+ 65. Ke2 Rg2+ 66. Ke1
Rg1+ 67. Kf2 Rg7 68. Rf8 Kd6 69. Rb8 Ke5 70. Rb7 Kf6 71. Ke2 Re7+ 72. Kd2 Rg7
1/2-1/2

[Event "Druzynowe Mistrzostwa Polski - II Liga 2023"]
[Site "Jastrzebia Gora"]
[Date "1899-12-30"]
[Round "5.9"]
[White "Zarnowski, Krzysztof"]
[Black "Janaszak, Dawid"]
[Result "0-1"]
[WhiteTitle "k"]
[BlackTitle "FM"]
[WhiteElo "2113"]
[BlackElo "2302"]

1. d4 Nf6 2. c4 g6 3. Nc3 d5 4. cxd5 Nxd5 5. e4 Nxc3 6. bxc3 Bg7 7. Qa4+ Nd7 8.
Nf3 c5 9. Be2 O-O 10. Be3 Nf6 11. Nd2 Ng4 12. Bxg4 Bxg4 13. f3 b5 14. Qxb5 cxd4
15. cxd4 Bxd4 16. Bxd4 Qxd4 17. Nb3 Qc3+ 18. Kf2 Rab8 19. Qa5 Qb2+ 20. Kg3 Be6
21. Rab1 Qf6 22. h4 Rfc8 23. Qg5 Kg7 24. Qxf6+ Kxf6 25. Nd4 Bxa2 26. Rxb8 Rxb8
27. e5+ Kg7 28. Nc6 Rc8 29. Nxa7 Rc7 30. Nb5 Rc5 31. Nd4 Rxe5 32. Ra1 Bc4 33.
Ra4 Rc5 34. Ra7 Kf6 35. Nc2 e5 36. Ne3 Be6 37. Ng4+ Kg7 38. Nf2 h6 39. Ne4 Rd5
40. Kf2 Bf5 41. Ke3 Rd1 42. Nf2 Re1+ 43. Kd2 Rf1 44. Ke2 Rg1 45. g4 Be6 46. Ra5
Bc4+ 47. Kd2 Rf1 48. Nd1 Rxf3 49. Rxe5 Rf4 50. Ne3 Be6 51. h5 g5 0-1

[Event "Druzynowe Mistrzostwa Polski - II Liga 2023"]
[Site "Jastrzebia Gora"]
[Date "1899-12-30"]
[Round "5.10"]
[White "Dudzinski, Pawel"]
[Black "Wilk, Tomasz"]
[Result "1-0"]
[WhiteTitle "FM"]
[BlackTitle "I++"]
[WhiteElo "2186"]
[BlackElo "1952"]

1. e4 c6 2. b3 d5 3. exd5 cxd5 4. Nf3 Nf6 5. Bb2 Bg4 6. Be2 e6 7. h3 Bh5 8. Ne5
Bxe2 9. Qxe2 Nc6 10. O-O Bd6 11. d3 O-O 12. Nd2 Nxe5 13. Bxe5 Bxe5 14. Qxe5 Rc8
15. Qb2 b5 16. c4 dxc4 17. dxc4 Qd3 18. Rac1 Rfd8 19. Nf3 bxc4 20. Ne5 Qf5 21.
Nxc4 h6 22. Nd6 Rxd6 23. Rxc8+ Kh7 24. Qc2 Rd3 25. Rc7 e5 26. Rxa7 e4 27. Rxf7
Qg6 28. Rxf6 Qxf6 29. Re1 Qd4 30. Qc4 Qd6 31. Qxe4+ Kh8 32. Qe6 Qb4 33. Qc8+ Kh7
34. Qf5+ 1-0

[Event "Druzynowe Mistrzostwa Polski - II Liga 2023"]
[Site "Jastrzebia Gora"]
[Date "1899-12-30"]
[Round "5.11"]
[White "Slezinski, Nikodem"]
[Black "Szyszylo, Rafal"]
[Result "1-0"]
[WhiteTitle "I++"]
[BlackTitle "CM"]
[WhiteElo "1970"]
[BlackElo "2074"]

1. e4 d6 2. Bc4 Nf6 3. d3 g6 4. Nc3 Bg7 5. f4 c6 6. Bb3 a5 7. a3 O-O 8. Nf3 Bg4
9. O-O e6 10. h3 Bxf3 11. Qxf3 d5 12. Kh1 Nbd7 13. Be3 Nxe4 14. dxe4 d4 15. Bd2
dxc3 16. Bxc3 Bxc3 17. Qxc3 Qf6 18. e5 Qe7 19. Rae1 a4 20. Ba2 Qc5 21. Qg3 Kh8
22. c3 Nb6 23. Qh4 Rae8 24. f5 Nd7 25. Rd1 Nxe5 26. Qf6+ Kg8 27. fxe6 Re7 28.
Rde1 Nc4 29. Bxc4 Qxc4 30. Qxe7 1-0

[Event "Druzynowe Mistrzostwa Polski - II Liga 2023"]
[Site "Jastrzebia Gora"]
[Date "1899-12-30"]
[Round "5.12"]
[White "Kaczmarska, Joanna"]
[Black "Hampel, Anna"]
[Result "1-0"]
[WhiteTitle "k++"]
[BlackTitle "I++"]
[WhiteElo "1866"]
[BlackElo "1644"]

1. e4 c5 2. Nf3 e6 3. d4 cxd4 4. Nxd4 Nc6 5. Nc3 Qc7 6. Be2 a6 7. O-O Nf6 8. Kh1
Bb4 9. Nxc6 bxc6 10. f4 d5 11. e5 Nd7 12. f5 Nxe5 13. f6 gxf6 14. Rxf6 Be7 15.
Rf1 Ng6 16. Bh6 Bd6 17. h3 Rb8 18. Qe1 Rg8 19. Bf3 Ne5 20. Rb1 Nxf3 21. Rxf3 Bg3
22. Qe3 Rb4 23. Rbf1 Qd6 24. Rxf7 d4 25. Qd3 Kd8 26. Qxh7 Re8 27. Bg5+ 1-0

[Event "Druzynowe Mistrzostwa Polski - II Liga 2023"]
[Site "Jastrzebia Gora"]
[Date "1899-12-30"]
[Round "5.13"]
[White "Taranowicz, Michal"]
[Black "Mondrzycki, Bartlomiej"]
[Result "1-0"]
[WhiteTitle "k"]
[BlackTitle "CM"]
[WhiteElo "2092"]
[BlackElo "2208"]

1. e4 c5 2. Nf3 d6 3. d4 cxd4 4. Nxd4 Nf6 5. Nc3 Nc6 6. Bg5 e6 7. Qd3 Bd7 8. O-O-O
a6 9. Be2 h6 10. Nxc6 Bxc6 11. Bf4 e5 12. Be3 b5 13. a3 Rb8 14. g4 a5 15. g5 hxg5
16. Bxg5 Qb6 17. Bxf6 gxf6 18. Nd5 Bxd5 19. Qxd5 Rh4 20. h3 Qb7 21. Bg4 Qxd5 22.
Rxd5 Rb6 23. a4 bxa4 24. Rxa5 Bh6+ 25. Kb1 Rb4 26. f3 Be3 27. c3 Rb7 28. Rxa4
Ke7 29. Ra8 Ra7 30. Rb8 Rc7 31. Rd1 Ba7 32. Ra8 Rb7 33. c4 Bd4 34. Rd2 Be3 35.
Rd5 Bc5 36. Kc2 Rh6 37. Rd3 Rb4 38. b3 Rb7 39. Rd2 Be3 40. Re2 Bc5 41. Rh2 Rh4
42. Rg2 Ra7 43. Rxa7+ Bxa7 44. b4 Rh8 45. Kb3 Rb8 46. Ra2 Bc5 47. Ra4 Bf2 48.
Ra5 Rb7 49. Rb5 Rc7 50. Bf5 Kd8 51. Rb8+ Ke7 52. Ra8 Be1 53. Bc8 Bf2 54. b5 Ra7
55. Rb8 Ra1 56. Bb7 f5 57. exf5 Rh1 58. Be4 Rxh3 59. b6 Rh2 60. b7 1-0

[Event "Druzynowe Mistrzostwa Polski - II Liga 2023"]
[Site "Jastrzebia Gora"]
[Date "1899-12-30"]
[Round "5.14"]
[White "Cajbel, Maciej"]
[Black "Kozlowski, Michal"]
[Result "1/2-1/2"]
[WhiteTitle "k"]
[BlackTitle "I++"]
[WhiteElo "2151"]
[BlackElo "2048"]

1. e4 c5 2. Nf3 e6 3. d4 cxd4 4. Nxd4 Nc6 5. Nc3 Be7 6. Be2 d6 7. O-O Nf6 8. Be3
O-O 9. f4 a6 10. Qe1 Qc7 11. Qg3 Bd7 12. f5 Kh8 13. fxe6 fxe6 14. Nxc6 Bxc6 15.
Bd3 b5 16. Qh3 e5 17. Bg5 b4 18. Nd5 Bxd5 19. Bxf6 Bg8 20. Bxe7 Qxe7 21. b3 a5
22. Qe3 Qc7 23. Rxf8 Rxf8 24. Rf1 1/2-1/2

[Event "Druzynowe Mistrzostwa Polski - II Liga 2023"]
[Site "Jastrzebia Gora"]
[Date "1899-12-30"]
[Round "5.15"]
[White "Kitewski, Bartosz"]
[Black "Zareba, Radoslaw"]
[Result "1-0"]
[WhiteTitle "I++"]
[BlackTitle "k"]
[WhiteElo "1967"]
[BlackElo "2102"]

1. d4 b6 2. e4 e6 3. Bd3 Bb7 4. Nf3 c5 5. c3 d6 6. O-O Nd7 7. Re1 Ne7 8. Nbd2 Qc7
9. Qe2 Ng6 10. Nf1 Be7 11. Bd2 Rc8 12. Ng3 O-O 13. Rad1 Rfe8 14. Bb1 e5 15. d5
c4 16. Nf5 Bf8 17. h4 Ne7 18. g4 Nxf5 19. gxf5 Nf6 20. Kh1 g6 21. Rg1 Bg7 22.
Rg2 Kf8 23. Rdg1 Ke7 24. Ng5 Bh8 25. f4 gxf5 26. fxe5 dxe5 27. exf5 Bxd5 28. Nf3
Kd7 29. Bg5 e4 30. Nh2 Qc6 31. Rd1 Kc7 32. Qe3 Kb7 33. Rgd2 Re5 34. Bxf6 Bxf6
35. Rxd5 Rxd5 36. Rxd5 Re8 37. Bxe4 Ka6 38. Qf4 Qa4 39. b4 Qxa2 40. Ra5+ Qxa5
41. bxa5 Bxc3 42. axb6 axb6 43. Nf1 b5 44. Ne3 Be5 45. Qf3 Bd4 46. Nd5 Rg8 47.
Qa3+ Kb7 48. Ne7+ 1-0

[Event "Druzynowe Mistrzostwa Polski - II Liga 2023"]
[Site "Jastrzebia Gora"]
[Date "1899-12-30"]
[Round "5.16"]
[White "Piotrowski, Przemyslaw"]
[Black "Slawinski, Miroslaw"]
[Result "1-0"]
[WhiteTitle "FM"]
[BlackTitle "k"]
[WhiteElo "2258"]
[BlackElo "1905"]

1. Nf3 Nf6 2. g3 g6 3. b3 Bg7 4. Bb2 d5 5. c4 O-O 6. cxd5 Qxd5 7. Bg2 Nc6 8. O-O
Qh5 9. h4 Bg4 10. d3 Rad8 11. Nbd2 e5 12. Qc1 Bh6 13. Qc2 Rd7 14. Nc4 Nd4 15.
Nxd4 exd4 16. e4 b5 17. Na5 g5 18. hxg5 Bxg5 19. Bc1 Bxc1 20. Raxc1 Bh3 21. Qc5
Bg4 22. Qxh5 Bxh5 23. f3 Rb8 24. Bh3 1-0

[Event "Druzynowe Mistrzostwa Polski - II Liga 2023"]
[Site "Jastrzebia Gora"]
[Date "1899-12-30"]
[Round "5.17"]
[White "Strepikowski, Pawel"]
[Black "Stelmaszuk, Maciej"]
[Result "1-0"]
[WhiteTitle "I"]
[BlackTitle "I+"]
[WhiteElo "1855"]
[BlackElo "1944"]

1. e4 c5 2. Nf3 g6 3. g3 Bg7 4. Bg2 Nc6 5. O-O d6 6. d3 e5 7. Nc3 Nge7 8. Nd2 O-O
9. Nc4 Be6 10. Nd5 b5 11. Nce3 Rb8 12. f4 exf4 13. Nxf4 Bd7 14. Nfd5 Nxd5 15.
Nxd5 Be6 16. Rb1 b4 17. Be3 Nd4 18. Qd2 Bxd5 19. exd5 Qd7 20. c3 bxc3 21. bxc3
Rxb1 22. Rxb1 Nb5 23. Rb3 a5 24. Qb2 Qe7 25. Bf2 Nxc3 26. Rxc3 Bxc3 27. Qxc3 Rb8
28. Qd2 Rb1+ 29. Bf1 Qe5 30. d4 Qxd5 31. Qc2 Ra1 32. dxc5 Rxa2 33. Qc1 Qf5 34.
Bd4 dxc5 35. Bb2 Qf3 36. Bc4 Rxb2 37. Qxb2 a4 38. Qf2 Qxf2+ 39. Kxf2 Kf8 40. Ke3
f5 41. Kf4 Kg7 42. Ke5 a3 43. Bd5 Kh6 44. Kf6 Kh5 45. h3 a2 46. Bxa2 f4 47. gxf4
Kh4 48. Bg8 Kxh3 49. Bxh7 Kg4 50. Ke5 Kh5 51. Bg8 g5 52. f5 g4 53. Bd5 g3 54.
f6 Kg6 55. Ke6 c4 56. f7 1-0

[Event "Druzynowe Mistrzostwa Polski - II Liga 2023"]
[Site "Jastrzebia Gora"]
[Date "1899-12-30"]
[Round "5.18"]
[White "Zdziarska-zareba, Lidia"]
[Black "Kawa, Anna"]
[Result "1-0"]
[WhiteTitle "k+"]
[BlackTitle "I++"]
[WhiteElo "1806"]
[BlackElo "1665"]

1. b3 d5 2. e3 Nf6 3. Bb2 Bf5 4. f4 e6 5. Nf3 Nbd7 6. Be2 h6 7. O-O Bd6 8. c4 c6
9. Nc3 O-O 10. Rc1 Rc8 11. cxd5 exd5 12. Nd4 Bh7 13. Rf3 Ne4 14. Nxe4 Bxe4 15.
Rg3 Nf6 16. Qf1 a6 17. Bd3 Re8 18. Bxe4 Nxe4 19. Rxg7+ Kxg7 20. Ne6+ Kh7 21. Nxd8
Rcxd8 22. Qd1 Rg8 23. Qh5 Rg6 24. f5 Rf6 25. Bxf6 Nxf6 26. Qxf7+ 1-0

[Event "Druzynowe Mistrzostwa Polski - II Liga 2023"]
[Site "Jastrzebia Gora"]
[Date "1899-12-30"]
[Round "5.19"]
[White "Mickiewicz, Piotr"]
[Black "Malisauskas, Vidmantas"]
[Result "0-1"]
[WhiteTitle "m"]
[BlackTitle "GM"]
[WhiteElo "2255"]
[BlackElo "2344"]

1. e4 c5 2. Nf3 d6 3. d4 cxd4 4. Qxd4 Nc6 5. Bb5 Bd7 6. Qd3 Rc8 7. Nc3 Nf6 8. Bg5
e6 9. O-O-O h6 10. Bxf6 Qxf6 11. e5 Qf4+ 12. Kb1 d5 13. a3 a6 14. g3 Qg4 15. Bxc6
bxc6 16. h3 Qf5 17. Qe3 c5 18. Nh4 Qg5 19. f4 Qd8 20. Nxd5 exd5 21. Rxd5 Qb6 22.
e6 Bxe6 23. f5 Rb8 24. b3 c4 25. Qe4 cxb3 26. Qa4+ Ke7 27. f6+ Kxf6 28. Rf1+ Ke7
29. Nf5+ Bxf5 30. Re1+ Be6 31. Rd7+ Kf6 32. Rf1+ Kg6 33. Qe4+ f5 0-1

[Event "Druzynowe Mistrzostwa Polski - II Liga 2023"]
[Site "Jastrzebia Gora"]
[Date "1899-12-30"]
[Round "5.20"]
[White "Marszk, Kazimierz"]
[Black "Kosiorek, Marek"]
[Result "1/2-1/2"]
[WhiteTitle "FM"]
[BlackTitle "m"]
[WhiteElo "1801"]
[BlackElo "2259"]

1. Nf3 Nf6 2. c4 Nc6 3. d4 e6 4. Nc3 Bb4 5. Bd2 O-O 6. e3 d6 7. a3 Bxc3 8. Bxc3
Ne4 9. Qc2 Nxc3 10. Qxc3 Qe7 11. Be2 e5 12. d5 Nd8 13. O-O Bg4 14. Rae1 a5 15.
Nd2 Bxe2 16. Rxe2 a4 17. e4 b6 18. f4 exf4 19. Rxf4 Qe5 20. Qxe5 dxe5 21. Rf3
Nb7 22. Rc3 Ra5 23. Nf3 f6 24. Ne1 Nc5 25. Nc2 Nb3 26. Rf2 Rc8 27. Ne3 Nc5 28.
Nf5 Nxe4 29. Ne7+ Kf7 30. Nxc8 Nxf2 31. d6 Ke6 32. Kxf2 Kd7 33. Ne7 cxd6 34. Nd5
b5 35. Nb4 bxc4 36. Rxc4 Rb5 37. g3 d5 38. Rc2 f5 39. Ke3 g5 40. h4 f4+ 41. gxf4
gxf4+ 42. Kf3 Ke6 43. Rc7 h6 44. Rc8 Kf5 45. Rf8+ Ke6 46. Kg4 Rb7 47. Re8+ Kd6
48. Rd8+ Ke6 49. Re8+ 1/2-1/2